| 000 | 00561nam a2200193 a 4500 | ||
|---|---|---|---|
| 003 | PILC | ||
| 005 | 20160216094134.0 | ||
| 008 | 100809s19uu xx 00 eng d | ||
| 020 | _a9780078050626 | ||
| 050 |
_aBF 713 _b.H918 2011 |
||
| 245 | _aHuman development 10/11 / | ||
| 250 | _a39th edition, Annual edition. | ||
| 260 |
_aNew York : _bMcGraw Hill, _c2011. |
||
| 300 |
_a267 pages : _billustrations ; _c26 cm. |
||
| 500 | _aIncludes bibliographical references. | ||
| 650 |
_aHuman development _xPeriodicals. |
||
| 942 |
_cBK _2lcc _kFOR |
||
| 999 |
_c24024 _d24024 |
||